[Event "Olympiad Women-44"]
[Site "Chennai"]
[Date "2022.08.08"]
[Round "10.4"]
[White "Blokhin, Sofia"]
[Black "Rodsmoen, Maud"]
[Result "1-0"]
[WhiteElo "1996"]
[BlackElo "1975"]
[PlyCount "81"]
[EventDate "2022.07.29"]
[EventType "team-swiss"]
[EventRounds "11"]
[EventCountry "IND"]
[SourceTitle "CBM 210"]
[Source "ChessBase"]
[SourceDate "2022.10.31"]
[SourceVersion "1"]
[SourceVersionDate "2022.10.31"]
[SourceQuality "1"]
[WhiteTeam "Estonia (W)"]
[BlackTeam "Norway (W)"]
[WhiteTeamCountry "EST"]
[BlackTeamCountry "NOR"]

1. e4 c5 2. Nf3 e6 3. d4 cxd4 4. Nxd4 Nc6 5. Nc3 Qc7 6. Be3 a6 7. g4 Bb4 8. Nxc6 Qxc6 9. Qd4 Bxc3+ 10. bxc3 Ne7 11. c4 0-0 12. Bg2 b5 13. c5 f6 14. Rd1 f5 15. Bg5 Ng6 16. gxf5 exf5 17. Qd5+ Qxd5 18. exd5 Bb7 19. c6 Rae8+ 20. Kf1 Bc8 21. d6 h6 22. Bd5+ Kh7 23. Bc1 Ne5 24. c7 Nf7 25. Ba3 a5 26. Bc5 Re5 27. Rg1 g6 28. f4 Rxd5 29. Rxd5 Re8 30. Kf2 Bb7 31. Rd4 Kg7 32. Re1 Kf8 33. Rxe8+ Kxe8 34. Rd1 g5 35. Rb1 b4 36. a3 gxf4 37. axb4 Ng5 38. bxa5 Ne4+ 39. Kg1 Bc8 40. Rb8 Nxc5 41. Rxc8+ 1-0

[Event "Olympiad Women-44"]
[Site "Chennai"]
[Date "2022.08.01"]
[Round "4.4"]
[White "Silvera, Pilar"]
[Black "Rodsmoen, Maud"]
[Result "0-1"]
[WhiteElo "1436"]
[BlackElo "1975"]
[PlyCount "60"]
[EventDate "2022.07.29"]
[EventType "team-swiss"]
[EventRounds "11"]
[EventCountry "IND"]
[SourceTitle "CBM 210"]
[Source "ChessBase"]
[SourceDate "2022.10.31"]
[SourceVersion "1"]
[SourceVersionDate "2022.10.31"]
[SourceQuality "1"]
[WhiteTeam "Uruguay (W)"]
[BlackTeam "Norway (W)"]
[WhiteTeamCountry "URU"]
[BlackTeamCountry "NOR"]

1. e4 c5 2. Nf3 e6 3. d4 cxd4 4. Nxd4 Nc6 5. Nc3 Qc7 6. Ndb5 Qb8 7. Be3 a6 8. Bb6 axb5 9. Nxb5 Bb4+ 10. c3 Ba5 11. Nc7+ Qxc7 12. Bxc7 Bxc7 13. Qg4 Kf8 14. Bb5 Nf6 15. Qe2 g6 16. a4 Kg7 17. h4 h5 18. b4 d5 19. 0-0 Nxe4 20. Qe3 Nd6 21. Qc5 Bd7 22. Bxc6 bxc6 23. a5 Rhb8 24. Ra3 Nc4 25. Ra2 Bd6 26. Qd4+ e5 27. Qd3 Bf5 28. Qd1 Ra6 29. Re1 Be7 30. Qf3 Bxh4 0-1

[Event "Olympiad Women-44"]
[Site "Chennai"]
[Date "2022.07.31"]
[Round "3.4"]
[White "Lopez L, Dairyn D"]
[Black "Rodsmoen, Maud"]
[Result "0-1"]
[WhiteElo "1574"]
[BlackElo "1975"]
[PlyCount "50"]
[EventDate "2022.07.29"]
[EventType "team-swiss"]
[EventRounds "11"]
[EventCountry "IND"]
[SourceTitle "CBM 210"]
[Source "ChessBase"]
[SourceDate "2022.10.31"]
[SourceVersion "1"]
[SourceVersionDate "2022.10.31"]
[SourceQuality "1"]
[WhiteTeam "Guatemala (W)"]
[BlackTeam "Norway (W)"]
[WhiteTeamCountry "GUA"]
[BlackTeamCountry "NOR"]

1. d4 d5 2. e3 Nf6 3. Bd3 Bg4 4. Nf3 e6 5. Nbd2 c5 6. c3 Nc6 7. 0-0 Bd6 8. Qe1 cxd4 9. exd4 Qc7 10. h3 Bh5 11. Bc2 0-0 12. Kh1 Rae8 13. Rg1 e5 14. g4 exd4 15. Qf1 Bg6 16. Bxg6 fxg6 17. cxd4 Ne4 18. Qg2 Qf7 19. Rf1 Nxd2 20. Ng5 Qf4 21. Bxd2 Qxd2 22. Qxd5+ Kh8 23. Nf7+ Rxf7 24. Qxf7 Rf8 25. Qe6 Qf4 0-1

[Event "EU-chT (Women) 23rd"]
[Site "Terme Catez"]
[Date "2021.11.20"]
[Round "8.4"]
[White "Varney, Zoe"]
[Black "Rodsmoen, Maud"]
[Result "1-0"]
[WhiteElo "1955"]
[BlackElo "1953"]
[PlyCount "93"]
[EventDate "2021.11.12"]
[EventType "team-swiss"]
[EventRounds "9"]
[EventCountry "SLO"]
[SourceTitle "CBM 205"]
[Source "ChessBase"]
[SourceDate "2021.12.31"]
[SourceVersion "1"]
[SourceVersionDate "2021.12.31"]
[SourceQuality "1"]
[WhiteTeam "England (W)"]
[BlackTeam "Norway (W)"]
[WhiteTeamCountry "ENG"]
[BlackTeamCountry "NOR"]

1. e4 c5 2. Nf3 e6 3. d3 Qc7 4. g3 Nc6 5. Bg2 Nf6 6. 0-0 Be7 7. Re1 d6 8. Nbd2 0-0 9. Nf1 h6 10. Ne3 d5 11. e5 Nd7 12. Ng4 h5 13. Ne3 Ndxe5 14. Nxe5 Nxe5 15. Qxh5 Ng6 16. f4 Rd8 17. f5 exf5 18. Nxf5 Bxf5 19. Qxf5 Bf6 20. c3 Rac8 21. Qh5 Qd6 22. Bh3 Rc6 23. Bf5 Rb6 24. Bf4 Qc6 25. Re2 Nf8 26. Qh3 g6 27. Bg4 Re8 28. Rf2 Bg7 29. Raf1 f5 30. Bf3 Qd7 31. g4 Ne6 32. Bc1 f4 33. Qg2 d4 34. c4 g5 35. Bd5 Kf8 36. h4 gxh4 37. Bxf4 Nxf4 38. Rxf4+ Bf6 39. Rxf6+ Rxf6 40. Rxf6+ Kg7 41. Rf7+ Qxf7 42. Bxf7 Kxf7 43. Qd5+ Kf6 44. Qf5+ Kg7 45. Qg5+ Kf7 46. Qh5+ Kf8 47. Qxc5+ 1-0

[Event "EU-chT (Women) 23rd"]
[Site "Terme Catez"]
[Date "2021.11.15"]
[Round "4.12"]
[White "Rodsmoen, Maud"]
[Black "Lanchava, Tea"]
[Result "1-0"]
[WhiteElo "1953"]
[BlackElo "2215"]
[PlyCount "65"]
[EventDate "2021.11.12"]
[EventType "team-swiss"]
[EventRounds "9"]
[EventCountry "SLO"]
[SourceTitle "CBM 205"]
[Source "ChessBase"]
[SourceDate "2021.12.31"]
[SourceVersion "1"]
[SourceVersionDate "2021.12.31"]
[SourceQuality "1"]
[WhiteTeam "Norway (W)"]
[BlackTeam "Netherlands (W)"]
[WhiteTeamCountry "NOR"]
[BlackTeamCountry "NED"]

1. e4 g6 2. d4 Bg7 3. Nc3 d6 4. f4 a6 5. Nf3 b5 6. Bd3 Nd7 7. 0-0 c5 8. e5 cxd4 9. Be4 dxc3 10. Bxa8 Qc7 11. Qd4 dxe5 12. fxe5 Nxe5 13. Qxc3 Qxc3 14. bxc3 Nxf3+ 15. Rxf3 f5 16. a4 b4 17. Bd2 bxc3 18. Bxc3 Nf6 19. Bc6+ Kf7 20. Re1 g5 21. Rfe3 e6 22. Rd3 h5 23. Be5 Bf8 24. Bd6 Bg7 25. c4 h4 26. c5 g4 27. Rb1 a5 28. Bb7 Kg6 29. c6 Ne4 30. Bc7 Bf8 31. Bb6 Nc5 32. Rd8 Bxb7 33. Rxf8 1-0

[Event "Online Olym Div2 C"]
[Site "Chess.com INT"]
[Date "2021.09.04"]
[Round "9.4"]
[White "Rodsmoen, Maud"]
[Black "Koljevic, Nikolina"]
[Result "1/2-1/2"]
[WhiteElo "1953"]
[BlackElo "1950"]
[PlyCount "109"]
[EventDate "2021.09.02"]
[EventType "team (rapid)"]
[EventRounds "9"]
[EventCountry "USA"]
[SourceTitle "CBM 204 Extra"]
[Source "ChessBase"]
[SourceDate "2021.11.30"]
[SourceVersion "1"]
[SourceVersionDate "2021.11.30"]
[SourceQuality "1"]
[WhiteTeam "Norway"]
[BlackTeam "Montenegro"]
[WhiteTeamCountry "NOR"]
[BlackTeamCountry "MNE"]

1. e4 c6 2. d4 d5 3. e5 Bf5 4. h4 h5 5. Nf3 e6 6. Bd3 Ne7 7. Bg5 Bxd3 8. Qxd3 Qb6 9. b3 Nf5 10. Nbd2 c5 11. c3 Nc6 12. dxc5 Bxc5 13. 0-0 Qc7 14. b4 Bb6 15. Rfe1 a6 16. a4 0-0 17. a5 Ba7 18. Nb3 b6 19. axb6 Bxb6 20. Rxa6 Rxa6 21. Qxa6 d4 22. Nbxd4 Nfxd4 23. Nxd4 Bxd4 24. cxd4 Nxb4 25. Qa3 Nd5 26. Qf3 Qc3 27. Qxc3 Nxc3 28. Be7 Ra8 29. Bc5 Ra2 30. Re3 Nd5 31. Rb3 Kh7 32. Rb7 Kg6 33. g3 Nc3 34. Rb3 Rc2 35. Bb6 Kf5 36. Kg2 Ke4 37. Bc5 Kf5 38. Rb7 Kg6 39. Bb4 Ne4 40. Be1 Rc1 41. Kf1 Rc2 42. Rb3 Rxf2+ 43. Bxf2 Nd2+ 44. Ke2 Nxb3 45. Kd3 Kf5 46. Ke3 Kg4 47. Be1 Kf5 48. Kd3 Nc1+ 49. Kd2 Nb3+ 50. Kc3 Nc1 51. Kd2 Nb3+ 52. Ke3 Kg4 53. Ke4 Nc1 54. Ke3 Kf5 55. Kd2 1/2-1/2

[Event "Oslo Sveins op 11th"]
[Site "Oslo"]
[Date "2018.06.25"]
[Round "7"]
[White "Rodsmoen, Maud"]
[Black "Sidali, Elias Hulleberg"]
[Result "1-0"]
[WhiteElo "1937"]
[BlackElo "2011"]
[PlyCount "99"]
[EventDate "2018.06.22"]
[EventType "swiss"]
[EventRounds "9"]
[EventCountry "NOR"]
[SourceTitle "CBM 185 Extra"]
[Source "ChessBase"]
[SourceDate "2018.07.29"]
[SourceVersion "1"]
[SourceVersionDate "2018.07.29"]
[SourceQuality "1"]

1. e4 c6 2. d4 d5 3. Nc3 dxe4 4. Nxe4 Nf6 5. Nxf6+ exf6 6. Nf3 Bd6 7. c3 0-0 8. Be2 Re8 9. 0-0 Nd7 10. Re1 Nf8 11. Be3 Ng6 12. Qc2 Be6 13. c4 Qd7 14. Red1 Re7 15. Rac1 Bg4 16. d5 c5 17. h3 Bxh3 18. Bf1 Bg4 19. Re1 Rae8 20. Bd2 Bxf3 21. gxf3 Nh4 22. Bg2 Nxf3+ 23. Bxf3 Qh3 24. Bg2 Qh2+ 25. Kf1 h5 26. Qf5 Rxe1+ 27. Rxe1 Rxe1+ 28. Bxe1 Qh4 29. Qe4 Qg5 30. Qe8+ Kh7 31. Qd7 Qf4 32. b3 Kg6 33. Qh3 Qd4 34. Bf3 h4 35. Qg4+ Qxg4 36. Bxg4 Kg5 37. Bh3 Kh5 38. f3 g5 39. Bf5 b6 40. Kg2 a5 41. Bf2 Kh6 42. Bg1 Bc7 43. Bh2 Bd8 44. Bb8 Kg7 45. d6 Kf8 46. Bd7 f5 47. Bc7 Bf6 48. Bxb6 Be5 49. Bxc5 Bf4 50. Bc6 1-0

[Event "Oslo Sveins op 11th"]
[Site "Oslo"]
[Date "2018.06.23"]
[Round "3"]
[White "Rodsmoen, Maud"]
[Black "Abdrlauf, Elham"]
[Result "1-0"]
[WhiteElo "1937"]
[BlackElo "2165"]
[PlyCount "135"]
[EventDate "2018.06.22"]
[EventType "swiss"]
[EventRounds "9"]
[EventCountry "NOR"]
[SourceTitle "CBM 185 Extra"]
[Source "ChessBase"]
[SourceDate "2018.07.29"]
[SourceVersion "1"]
[SourceVersionDate "2018.07.29"]
[SourceQuality "1"]

1. e4 c6 2. d4 d5 3. Nc3 dxe4 4. Nxe4 Bf5 5. Ng3 Bg6 6. h4 h6 7. Nf3 Nd7 8. Bd3 Bxd3 9. Qxd3 e6 10. Bd2 Ngf6 11. 0-0-0 Be7 12. Kb1 Qc7 13. c4 b5 14. cxb5 cxb5 15. Ne4 Qb7 16. Nxf6+ Nxf6 17. Rhe1 a5 18. Ne5 b4 19. Qg3 Kf8 20. Qf3 Qxf3 21. Nxf3 g6 22. Rc1 Kg7 23. Rc7 Nd5 24. Rc6 Rab8 25. g3 Rb6 26. Ne5 Bf6 27. Rxb6 Nxb6 28. Rc1 Rd8 29. Nc6 Rd5 30. Rc5 Rd7 31. Be3 Nd5 32. Nxa5 e5 33. dxe5 Be7 34. Rc1 Nxe3 35. fxe3 Rd2 36. Nc6 Bf8 37. Rc4 Re2 38. Nxb4 Rxe3 39. Nc6 Rxg3 40. a4 f6 41. exf6+ Kxf6 42. a5 Re3 43. a6 Re8 44. a7 Ra8 45. b4 Ke6 46. Rd4 Be7 47. b5 Bc5 48. Rd8 Rxa7 49. Nxa7 Bxa7 50. Rh8 h5 51. Rf8 Bc5 52. Rf3 Be7 53. b6 Kd6 54. Rf7 Bd8 55. b7 Bc7 56. Rf6+ Kd7 57. Rf8 Ke6 58. b8Q Bxb8 59. Rxb8 Kf5 60. Rb4 g5 61. Rb5+ Kg4 62. hxg5 h4 63. g6 h3 64. g7 Kg3 65. g8Q+ Kh2 66. Rg5 Kh1 67. Rg1+ Kh2 68. Qg3# 1-0

[Event "EU-chT (Women) 21st"]
[Site "Heraklion"]
[Date "2017.11.04"]
[Round "7.4"]
[White "Rodsmoen, Maud"]
[Black "Lahav, Michal"]
[Result "1/2-1/2"]
[WhiteElo "1972"]
[BlackElo "2213"]
[PlyCount "143"]
[EventDate "2017.10.28"]
[EventType "team-swiss"]
[EventRounds "9"]
[EventCountry "GRE"]
[SourceTitle "CBM 181 Extra"]
[Source "ChessBase"]
[SourceDate "2017.12.12"]
[SourceVersion "1"]
[SourceVersionDate "2017.12.12"]
[SourceQuality "1"]
[WhiteTeam "Norway (W)"]
[BlackTeam "Israel (W)"]
[WhiteTeamCountry "NOR"]
[BlackTeamCountry "ISR"]

1. e4 e6 2. d4 d5 3. Nc3 Nf6 4. Bg5 Bb4 5. e5 h6 6. exf6 hxg5 7. fxg7 Rg8 8. a3 Bxc3+ 9. bxc3 c5 10. Nf3 c4 11. h4 gxh4 12. Rxh4 Qf6 13. Qd2 Nc6 14. Qh6 Qxh6 15. Rxh6 Rxg7 16. Rh8+ Ke7 17. g3 Nd8 18. Bg2 f6 19. 0-0-0 Nf7 20. Rh5 Bd7 21. Rdh1 Rag8 22. Kb2 Nd6 23. Nd2 Nf7 24. Nf3 Rc8 25. Re1 Kf8 26. Bh3 Rc6 27. Ka2 Rb6 28. Rh4 Ke7 29. Rh5 Kf8 30. Re2 Kg8 31. Rh4 Rg6 32. Re1 Rg7 33. Rb1 Rxb1 34. Kxb1 Kf8 35. Bg2 Ke7 36. Rh1 Rg8 37. Re1 Rc8 38. Nh4 Kf8 39. Ng6+ Kg7 40. Nf4 Ng5 41. Bxd5 Kf7 42. Bg2 Rh8 43. Rh1 Rc8 44. Kc1 Rc7 45. Nh3 Nxh3 46. Rxh3 Kg7 47. Be4 f5 48. Bf3 Bc6 49. Be2 Bd5 50. Rh4 Rf7 51. Rf4 Kg6 52. Bf3 Bxf3 53. Rxf3 Rh7 54. Re3 Kf6 55. Re1 Rh2 56. Rf1 b6 57. Kd2 Rh7 58. Ke3 Kg5 59. Kf3 Kf6 60. Rb1 e5 61. dxe5+ Kxe5 62. Rb5+ Ke6 63. a4 Rh1 64. Rb4 Kd5 65. Rb5+ Ke6 66. Ke3 Re1+ 67. Kd2 Rf1 68. Ke2 Ra1 69. Rb4 Kd5 70. Rb5+ Ke6 71. Rb4 Kd5 72. Rb5+ 1/2-1/2

[Event "NOR-ch U20"]
[Site "Stavanger"]
[Date "2017.07.02"]
[Round "2"]
[White "Lund, Gunnar"]
[Black "Rodsmoen, Maud"]
[Result "1-0"]
[WhiteElo "2051"]
[BlackElo "1968"]
[PlyCount "57"]
[EventDate "2017.07.01"]
[EventType "swiss"]
[EventRounds "9"]
[EventCountry "NOR"]
[SourceTitle "EXT 2018"]
[Source "ChessBase"]
[SourceDate "2017.10.13"]
[SourceVersion "1"]
[SourceVersionDate "2017.10.13"]
[SourceQuality "1"]

1. Nf3 c5 2. g3 Nc6 3. Bg2 Nf6 4. c4 e6 5. Nc3 Be7 6. 0-0 0-0 7. d4 cxd4 8. Nxd4 a6 9. e4 Qc7 10. h3 Rb8 11. Be3 Na5 12. b3 b5 13. Bf4 e5 14. Nf5 Bb4 15. Bg5 d6 16. Bxf6 Bxf5 17. Nd5 Qc5 18. exf5 gxf6 19. Nxf6+ Kg7 20. Nd7 Qc7 21. f6+ Kh8 22. Qh5 Rg8 23. Nxb8 Qxb8 24. Be4 Rg6 25. Bxg6 fxg6 26. Qh6 Qg8 27. cxb5 axb5 28. Rac1 Bc5 29. b4 1-0

[Event "Oslo Sveins op 10th"]
[Site "Oslo"]
[Date "2017.06.26"]
[Round "6"]
[White "Neuzil, Torey G"]
[Black "Rodsmoen, Maud"]
[Result "0-1"]
[WhiteElo "1743"]
[BlackElo "1947"]
[PlyCount "122"]
[EventDate "2017.06.23"]
[EventType "swiss"]
[EventRounds "9"]
[EventCountry "NOR"]
[SourceTitle "CBM 179 Extra"]
[Source "ChessBase"]
[SourceDate "2017.08.23"]
[SourceVersion "1"]
[SourceVersionDate "2017.08.23"]
[SourceQuality "1"]

1. d4 d5 2. Nf3 Nf6 3. e3 c6 4. Bd3 g6 5. Nbd2 Nbd7 6. 0-0 Bg7 7. c3 e5 8. dxe5 Ng4 9. e6 fxe6 10. e4 e5 11. h3 Nh6 12. Nb3 Nf7 13. Bc2 Nb6 14. Qe2 0-0 15. Be3 Nc4 16. Bc5 Re8 17. Bd3 b6 18. Be3 Nxe3 19. Qxe3 Bb7 20. Rad1 Qc7 21. Bc2 Nd6 22. Nbd2 Rad8 23. Qg5 Ba6 24. Rfe1 Nf7 25. Qg3 Re7 26. Bb3 Kh8 27. Nf1 Bb7 28. N1h2 Nd6 29. exd5 cxd5 30. Ng4 Ne4 31. Qh2 Qc5 32. Rxe4 Rf8 33. Re3 e4 34. Nd4 h5 35. Ree1 hxg4 36. hxg4+ Kg8 37. Qh3 Bc8 38. Qh4 Ref7 39. Re2 Rf4 40. f3 exf3 41. gxf3 Rxf3 42. Kg2 R3f4 43. Qe7 Bxg4 44. Qxc5 bxc5 45. Bxd5+ Kh7 46. Rh1+ Bh5 47. Ne6 Rg4+ 48. Kh3 Rf5 49. Nxg7 Kxg7 50. Re7+ Kh6 51. c4 Rf2 52. Rh2 Rf1 53. Rg2 Rh1+ 54. Rh2 Rd1 55. Re3 Rg5 56. Rg3 Rxg3+ 57. Kxg3 Kg5 58. Rf2 Rd3+ 59. Kg2 Bg4 60. a3 Rb3 61. Rd2 Bf5 0-1

[Event "Oslo Sveins op 10th"]
[Site "Oslo"]
[Date "2017.06.25"]
[Round "4"]
[White "Rodsmoen, Maud"]
[Black "Sidali, Elias Hulleberg"]
[Result "1-0"]
[WhiteElo "1947"]
[BlackElo "1675"]
[PlyCount "115"]
[EventDate "2017.06.23"]
[EventType "swiss"]
[EventRounds "9"]
[EventCountry "NOR"]
[SourceTitle "CBM 179 Extra"]
[Source "ChessBase"]
[SourceDate "2017.08.23"]
[SourceVersion "1"]
[SourceVersionDate "2017.08.23"]
[SourceQuality "1"]

1. e4 c6 2. d4 d5 3. e5 c5 4. dxc5 e6 5. Be3 Nd7 6. Bb5 Ne7 7. f4 Nf5 8. Bf2 h5 9. Nf3 Qa5+ 10. Nc3 a6 11. c6 axb5 12. cxd7+ Bxd7 13. 0-0 Be7 14. Nd4 Nxd4 15. Qxd4 Rc8 16. Qd1 Qb4 17. Qc1 Qc4 18. Qe3 Bc5 19. Qg3 Kf8 20. a3 d4 21. Ne4 Qxc2 22. Nxc5 Qxc5 23. Rad1 b4 24. Rxd4 Qb5 25. Rxb4 Qd5 26. Rd4 Qb5 27. Rfd1 Be8 28. b4 Rh6 29. R4d2 Kg8 30. Bc5 Bc6 31. Qh4 Qa4 32. Qh3 Rg6 33. Qxh5 Rxg2+ 34. Rxg2 Bxg2 35. Kxg2 Qc2+ 36. Kg3 Qb3+ 37. Qf3 Qc2 38. Qd3 Rxc5 39. bxc5 Qxc5 40. Qf3 Qc7 41. Rb1 b6 42. Qe3 Qc2 43. Rc1 Qg6+ 44. Kf2 Qh5 45. Qg3 g6 46. Ke3 Qf5 47. Qh4 Qh5 48. Qxh5 gxh5 49. Rb1 Kg7 50. Rxb6 Kg6 51. Ke4 h4 52. f5+ Kg5 53. fxe6 f5+ 54. Kf3 f4 55. e7 h3 56. e8Q Kf5 57. Qg6+ Kxe5 58. Qe4# 1-0

[Event "Oslo Sveins op 10th"]
[Site "Oslo"]
[Date "2017.06.23"]
[Round "1"]
[White "Tan, Justin Hy"]
[Black "Rodsmoen, Maud"]
[Result "1-0"]
[WhiteElo "2448"]
[BlackElo "1947"]
[PlyCount "59"]
[EventDate "2017.06.23"]
[EventType "swiss"]
[EventRounds "9"]
[EventCountry "NOR"]
[SourceTitle "CBM 179 Extra"]
[Source "ChessBase"]
[SourceDate "2017.08.23"]
[SourceVersion "1"]
[SourceVersionDate "2017.08.23"]
[SourceQuality "1"]

1. e4 c5 2. Nf3 e6 3. Nc3 Nc6 4. d4 cxd4 5. Nxd4 Qc7 6. Be3 a6 7. Qf3 Nf6 8. 0-0-0 Be7 9. Be2 b5 10. e5 Bb7 11. Nxc6 Bxc6 12. Qg3 Nd5 13. Nxd5 Bxd5 14. Qxg7 0-0-0 15. Kb1 Rdf8 16. Bf3 Rhg8 17. Qxh7 Bxf3 18. gxf3 Qxe5 19. Qd3 Qc7 20. h4 Rh8 21. h5 d6 22. Bd4 f6 23. f4 Rf7 24. Qe4 e5 25. fxe5 fxe5 26. Bxe5 Rhf8 27. Qa8+ Qb8 28. Qc6+ Kd8 29. Bd4 Bg5 30. Rhe1 1-0

[Event "Oslo Sveins op 9th"]
[Site "Oslo"]
[Date "2016.06.24"]
[Round "5"]
[White "Enersen, Eirik S"]
[Black "Rodsmoen, Maud"]
[Result "0-1"]
[WhiteElo "1782"]
[BlackElo "1914"]
[PlyCount "86"]
[EventDate "2016.06.24"]
[EventType "swiss"]
[EventRounds "9"]
[EventCountry "NOR"]
[SourceTitle "CBM 173 Extra"]
[Source "ChessBase"]
[SourceDate "2016.08.29"]
[SourceVersion "1"]
[SourceVersionDate "2016.08.29"]
[SourceQuality "1"]

1. e4 c5 2. Nf3 e6 3. c3 d5 4. exd5 Qxd5 5. Bb5+ Nc6 6. 0-0 Nf6 7. d4 Bd7 8. dxc5 Bxc5 9. Qxd5 Nxd5 10. Bc4 Nb6 11. Be2 0-0 12. b3 e5 13. Nbd2 f6 14. Ne4 Be7 15. Be3 Rac8 16. Nc5 Bxc5 17. Bxc5 Rfd8 18. Ba3 Be6 19. Rfd1 Nd5 20. Bc4 Kf7 21. Bb2 Nf4 22. Bxe6+ Kxe6 23. Re1 Kf7 24. g3 Nd3 25. Re2 e4 26. Ne1 Nce5 27. c4 Nxe1 28. Rxe4 N1f3+ 29. Kg2 Rd2 30. Bc3 Rc2 31. Bd4 Nxd4 32. Rxd4 Rc7 33. a4 Rb2 34. Ra3 Nc6 35. Rd5 Re7 36. a5 Kg6 37. a6 bxa6 38. Rd6 Nb4 39. c5 Ree2 40. c6 Rxf2+ 41. Kg1 Rg2+ 42. Kh1 Rxh2+ 43. Kg1 Rhc2 0-1

[Event "Oslo Sveins op 9th"]
[Site "Oslo"]
[Date "2016.06.24"]
[Round "8"]
[White "Mellem, Nicolas Axel"]
[Black "Rodsmoen, Maud"]
[Result "1-0"]
[WhiteElo "2146"]
[BlackElo "1914"]
[PlyCount "113"]
[EventDate "2016.06.24"]
[EventType "swiss"]
[EventRounds "9"]
[EventCountry "NOR"]
[SourceTitle "CBM 173 Extra"]
[Source "ChessBase"]
[SourceDate "2016.08.29"]
[SourceVersion "1"]
[SourceVersionDate "2016.08.29"]
[SourceQuality "1"]

1. e4 c5 2. Nc3 e6 3. Nf3 a6 4. d4 cxd4 5. Nxd4 Nc6 6. Nxc6 bxc6 7. e5 Qc7 8. f4 d5 9. Bd3 Bc5 10. Qf3 Ne7 11. Ne2 Qb6 12. c3 a5 13. b3 Ba6 14. Bc2 Ng6 15. h4 Ne7 16. h5 Nf5 17. Rh3 0-0-0 18. g4 Ne7 19. Bb2 Kc7 20. 0-0-0 Rb8 21. Kb1 Bc4 22. Nd4 a4 23. f5 Bxd4 24. cxd4 Qb5 25. fxe6 fxe6 26. Qf7 Kd7 27. Ba3 Rbe8 28. Qxg7 axb3 29. axb3 Rhg8 30. Qxh7 Be2 31. Rg1 Bxg4 32. Bxe7 Rh8 33. Qg7 Rhg8 34. Qf7 Rxe7 35. Qxg8 Bxh3 36. Qa8 Bf5 37. Qa7+ Ke8 38. Rg8+ Kf7 39. Rg7+ Kxg7 40. Qxe7+ Kg8 41. Qg5+ Kh8 42. Bxf5 Qxb3+ 43. Kc1 Qa3+ 44. Kd2 Qb4+ 45. Ke3 exf5 46. Qh6+ Kg8 47. Qe6+ Kh8 48. Qf6+ Kg8 49. e6 Qc4 50. Kf2 Qc2+ 51. Kg3 Qd3+ 52. Kh4 Qe4+ 53. Kg5 Qg4+ 54. Kh6 Qf4+ 55. Qg5+ Qxg5+ 56. Kxg5 Kf8 57. h6 1-0

[Event "Oslo Sveins op 9th"]
[Site "Oslo"]
[Date "2016.06.24"]
[Round "4"]
[White "Rodsmoen, Maud"]
[Black "Oygard, Torbjorn"]
[Result "1/2-1/2"]
[WhiteElo "1914"]
[BlackElo "1551"]
[PlyCount "147"]
[EventDate "2016.06.24"]
[EventType "swiss"]
[EventRounds "9"]
[EventCountry "NOR"]
[SourceTitle "CBM 173 Extra"]
[Source "ChessBase"]
[SourceDate "2016.08.29"]
[SourceVersion "1"]
[SourceVersionDate "2016.08.29"]
[SourceQuality "1"]

1. e4 e5 2. Nf3 Nc6 3. Bb5 Nf6 4. 0-0 Nxe4 5. Re1 Nd6 6. Nxe5 Be7 7. Bf1 Nxe5 8. Rxe5 0-0 9. d4 Re8 10. Bf4 Bf6 11. Rxe8+ Nxe8 12. c3 d5 13. Bd3 Be7 14. Qc2 h6 15. Nd2 Bd6 16. Bxd6 Nxd6 17. Re1 Be6 18. Nf1 Qg5 19. Re5 Qf6 20. Ng3 Re8 21. Nh5 Qd8 22. Nf4 c6 23. Qe2 Bd7 24. h3 Rxe5 25. Qxe5 Ne8 26. Ne2 Be6 27. Ng3 Qd6 28. Nf5 Qxe5 29. dxe5 Kf8 30. f4 h5 31. Kf2 g6 32. Nd4 Ng7 33. Kf3 Ke7 34. g4 c5 35. Nb5 c4 36. Bc2 hxg4+ 37. hxg4 a6 38. Nd4 Bd7 39. f5 gxf5 40. gxf5 f6 41. e6 Be8 42. Kf4 Kd6 43. Nf3 b5 44. Nh2 a5 45. Ng4 Ke7 46. Ke3 Bh5 47. Nf2 b4 48. Kd4 Kd6 49. e7 Ne8 50. Nh3 Nc7 51. Nf4 Nb5+ 52. Ke3 Be8 53. Ba4 bxc3 54. bxc3 Ke5 55. Ne6 Kd6 56. Ng7 Nxc3 57. Bxe8 Kxe7 58. Bc6 Kd6 59. Kd4 Ne2+ 60. Ke3 d4+ 61. Kxe2 Kxc6 62. Kd2 Kd5 63. Ne6 a4 64. a3 Ke5 65. Nc5 Kxf5 66. Nxa4 Ke5 67. Nb6 c3+ 68. Kd3 Kd6 69. Nc4+ Kc5 70. a4 c2 71. Kxc2 Kxc4 72. a5 Kb5 73. Kd3 Kxa5 74. Kxd4 1/2-1/2

[Event "EU-ch U18 Girls 25th"]
[Site "Porec"]
[Date "2015.09.27"]
[Round "6"]
[White "Altshul, Limor"]
[Black "Rodsmoen, Maud"]
[Result "1-0"]
[WhiteElo "2013"]
[BlackElo "1866"]
[PlyCount "49"]
[EventDate "2015.09.21"]
[EventType "swiss"]
[EventRounds "9"]
[EventCountry "CRO"]
[SourceTitle "EXT 2016"]
[Source "ChessBase"]
[SourceDate "2015.10.08"]
[SourceVersion "1"]
[SourceVersionDate "2015.10.08"]
[SourceQuality "1"]

1. d4 Nf6 2. c4 e6 3. Nc3 Bb4 4. e3 d5 5. a3 Bd6 6. Nf3 0-0 7. Qc2 dxc4 8. Bxc4 c5 9. 0-0 cxd4 10. exd4 a6 11. Bg5 h6 12. Bh4 b5 13. Ba2 Bb7 14. d5 exd5 15. Rad1 d4 16. Nxd4 Nbd7 17. Nf5 Be5 18. Nxh6+ gxh6 19. Qg6+ Kh8 20. Qxh6+ Kg8 21. Rxd7 Nxd7 22. Bxd8 Raxd8 23. Bb1 f5 24. Ba2+ Rf7 25. Qg5+ 1-0

[Event "NOR-ch U20"]
[Site "Oslo"]
[Date "2015.07.08"]
[Round "6"]
[White "Rodsmoen, Maud"]
[Black "Kyrkjebo, Hannah Bakken"]
[Result "1/2-1/2"]
[WhiteElo "1826"]
[BlackElo "1711"]
[PlyCount "122"]
[EventDate "2015.07.04"]
[EventType "swiss"]
[EventRounds "9"]
[EventCountry "NOR"]
[SourceTitle "EXT 2017"]
[Source "ChessBase"]
[SourceDate "2016.10.25"]
[SourceVersion "1"]
[SourceVersionDate "2016.10.25"]
[SourceQuality "1"]

1. e4 e5 2. Bc4 Bc5 3. Nc3 Nc6 4. Qg4 g6 5. Qg3 d6 6. d3 Be6 7. Bg5 Qd7 8. Nd5 Bxd5 9. Bxd5 h6 10. Qh4 Nd4 11. Bb3 Nxb3 12. axb3 Qe6 13. Ne2 f6 14. Bd2 0-0-0 15. Qg3 f5 16. b4 Bb6 17. Qh3 Qd7 18. Be3 f4 19. Qxd7+ Kxd7 20. Bxb6 axb6 21. d4 Nf6 22. f3 Ra8 23. Kf2 Ke6 24. c4 Nd7 25. Rhd1 Rhc8 26. dxe5 dxe5 27. Nc3 c6 28. Ra4 Ra6 29. Rxa6 bxa6 30. Ra1 Ra8 31. Ke2 Nf6 32. Na4 Nd7 33. Rd1 Rb8 34. Nc3 Nf6 35. Ra1 a5 36. b5 c5 37. Rd1 Ke7 38. Nd5+ Nxd5 39. exd5 Kd6 40. Kd3 Rf8 41. Ke4 Rf7 42. Re1 Rf5 43. Rh1 Rf7 44. Kd3 Rf5 45. Ke2 Rf6 46. Kf2 Rf5 47. Re1 Rh5 48. Kg1 Rf5 49. Re4 Rg5 50. g3 fxg3 51. h3 Rf5 52. Kg2 Rf4 53. Kxg3 Rf6 54. f4 Rf5 55. fxe5+ Rxe5 56. Rxe5 Kxe5 57. b3 Kf5 58. Kf3 g5 59. Kg3 h5 60. Kf3 Ke5 61. Kg3 Kf5 1/2-1/2

[Event "NOR-ch U20"]
[Site "Oslo"]
[Date "2015.07.04"]
[Round "9"]
[White "Rodsmoen, Maud"]
[Black "Skagen, Bjorn"]
[Result "1-0"]
[WhiteElo "1826"]
[BlackElo "1846"]
[PlyCount "75"]
[EventDate "2015.07.04"]
[EventType "swiss"]
[EventRounds "9"]
[EventCountry "NOR"]
[SourceTitle "EXT 2017"]
[Source "ChessBase"]
[SourceDate "2016.10.25"]
[SourceVersion "1"]
[SourceVersionDate "2016.10.25"]
[SourceQuality "1"]

1. e4 c6 2. d4 d5 3. e5 Bf5 4. h4 h5 5. Bd3 Bxd3 6. Qxd3 e6 7. Nf3 Nd7 8. Nbd2 c5 9. c3 Nh6 10. Nf1 Nf5 11. Ne3 Nxe3 12. Bxe3 Be7 13. Bg5 cxd4 14. cxd4 Qa5+ 15. Bd2 Bb4 16. 0-0 Bxd2 17. Nxd2 Rc8 18. Rfc1 Rc6 19. Rxc6 bxc6 20. Nb3 Qb5 21. Qc3 Ke7 22. Rc1 Rc8 23. Qe3 Kf8 24. Qf3 g6 25. Qc3 Kg7 26. Rc2 Rc7 27. Kh2 Rc8 28. f3 Rc7 29. g3 Rc8 30. Rg2 Rc7 31. g4 hxg4 32. fxg4 Qa4 33. Rf2 Qxa2 34. Qf3 Nb6 35. Qf6+ Kh7 36. Nc5 Na4 37. Qd8 Nxc5 38. Qxc7 1-0